| 000 | 00398nam a22001577a 4500 | ||
|---|---|---|---|
| 003 | OSt | ||
| 005 | 20221118151431.0 | ||
| 008 | 221118b |||||||| |||| 00| 0 eng d | ||
| 040 | _cDLC | ||
| 050 | _bSA245M | ||
| 082 | _bSA245M | ||
| 245 |
_aMission Mandate 2/ _cEdited by Ezra Sargunam. |
||
| 260 |
_aAyanavaram, Chennai: _bMission Educational Books, _c2006. |
||
| 300 | _a444p. | ||
| 942 |
_2ddc _cBK |
||
| 999 |
_c11045 _d11045 |
||